| 000 | 00463nam a2200169Ia 4500 | ||
|---|---|---|---|
| 003 | LK-CoDNM | ||
| 005 | 20231014101602.0 | ||
| 008 | 010623t1890 xxu||||| |||| 00| 1 eng d | ||
| 040 |
_aLK-CoDNM _dLK-CoDNM _eLK-CoDNM |
||
| 041 | _aeng | ||
| 080 | _a12 D3 | ||
| 100 | _aWatt,George. | ||
| 245 | _aA Dictionary of the Economic Products of India | ||
| 260 |
_bW.H.Allen Company _aLondon,Government Press:Calcutta _c1890 |
||
| 300 | _bIV,534p., 24 cm | ||
| 942 | _cBK | ||
| 999 |
_c83124 _d83124 |
||